| 000 | 00455nab a2200145Ia 4500 | ||
|---|---|---|---|
| 003 | ES-SlBCS | ||
| 005 | 20210601124006.0 | ||
| 008 | 140529s1997 xxu||||| |||| 00| 0 eng d | ||
| 041 | _aeng | ||
| 100 | 1 |
_aBurke, Michael B. _9133131 |
|
| 245 | 0 | 0 |
_aPersons and Bodies: How to Avoid the New Dualism _c Michael B. Burke |
| 650 | 0 | 4 |
_aDualismo _9133000 |
| 773 | 0 |
_tAmerican Philosophical Quarterly _gvol. 34, nº. 4, 1997, págs. 457-468 _wRev1386 |
|
| 942 | _cAR | ||
| 999 |
_c507420 _d507420 |
||